000 00571nam a2200169 a 4500
008 120712s1934 ||||||||||||||||| || u
050 _aB 2799.K7 Kan
100 _aKant, Immanuel
245 1 0 _aCritique of pure reason
_cImmanuel Kant
260 _aLondon
_bJ. M. Dent
_c1934
300 _axxxiv, 483p. [8p]
500 _aBibliography
650 0 _aCAUSATION
650 _aREASON
650 0 _aKNOWLEDGE, THEORY OF
995 _aSPECIAL COLLECTIONS
_e500084
_FCBU-DAG HAMMARSKJOLD INSTITUTE LIBRARY
_jDAG B 2799.K7 Kan
_M1
_UAVAILABLE
_WSep 3, 2012
_y500084
_ZDHIPS Book Collection
999 _c185
_d185